• 首页
  • 本馆介绍
  • 公告通知
  • 最新文献
  • 馆藏检索
  • 电子资源
  • 读者导购
  • 参考咨询
  • 我的图书馆
  • 登录
  • 详细信息显示
  • 放入我的书架
  • 预约/预借图书
  • 作者相关作品
  • 分类相关作品
  • 丛书相关作品
  • 出版社相关作品

书目信息

  • 表格格式
  • 工作单格式
  • 卡片格式
题名:
常用哲学名词解释
    
 
作者: ;山东人民出版社 编
分册:  
出版信息: 济南   山东人民出版社  1982.11
页数: 230页
开本: 19cm
丛书名:
单 册:
中图分类: B-61
科图分类:
主题词: 哲学--词典
电子资源:
ISBN:
000 00554nam0 2200193 45
001 0181023981
005 20070728161922.48
010    @dCNY0.62
091    @a2099.60
100    @a20810111d km y0chiy0120 ea
101 0  @achi
200 1  @a常用哲学名词解释@ACHANG YONG ZHE XUE MING CI JIE SHI@f山东人民出版社编@FShan Dong Ren Min Chu Ban She Bian
210    @a济南@c山东人民出版社@d1982.11
215    @a230页@d19cm
606 0  @a哲学@x词典
690    @aB-61@v3
711 02 @a山东人民出版社@4编
801    @aCN@bTSTC@c20070728
905    @dB-61@e15@f1@b168575
    
    常用哲学名词解释/山东人民出版社编.-济南:山东人民出版社,1982.11
    230页;19cm
    
    
    ISBN :CNY0.62
    
●
相关链接 在E读中查询图书 在五车中查询图书 在当当中查询图书 在豆瓣中查询图书


正题名:常用哲学名词解释     索取号:B-61/15         预约/预借

序号 登录号 条形码 馆藏地/架位号 状态 备注
1 0168572   001391336   密集书库/ [索取号:B-61/15] 在馆    
2 0168573   001391372   第一借阅区/ [索取号:B-61/15] 在馆    
3 0168574   001391292   密集书库/ [索取号:B-61/15] 在馆    
4 0168575   001391416   第一样本阅览室/ [索取号:B-61/15] 在馆    
5 0785574   207855748   密集书库/ [索取号:B-61/15] 在馆    
唐山师范学院图书馆 欢迎您!
大连网信软件有限公司© 版权所有